LDR 00921naa#a2200169#i#450# 001 RU\INFRA-M\bibl\117558 005 20260427113921.1 011 ## _a2500-0543 100 ## _a20260401b2026####ek#y0rusy0150####ca 102 ## _aRU 200 1# _aТИПОЛОГИЯ СИСТЕМ ЛИЧНОСТНЫХ РЕСУРСОВ ОБЕСПЕЧЕНИЯ ПСИХОЛОГИЧЕСКОЙ БЕЗОПАСНОСТИ: ФЕНОМЕН АНТИРЕСУРСОВ И НАРУШЕНИЕ ВНУТРИСИСТЕМНОЙ КОГЕРЕНТНОСТИ _eЖурнальная статья 210 1# _aМосква _cОбщество с ограниченной ответственностью «Научно-издательский центр ИНФРА-М» _d2026 215 ## _a12 с. 608 ## _aЖурнальная статья _2local 675 ## _aПсихология. 159.9 _z 700 #1 _aКрасноштанова _gНаталья Николаевна 856 4# _anaukaru.ru _u